Statistics for Top 100 Movie Characters

Click here to take the quiz!

General Stats

  • This quiz has been taken 191 times
  • The average score is 44 of 100

Answer Stats

#CharacterMovie% Correct
4BatmanBatman
98%
1Indiana JonesIndiana Jones
97%
2James BondJames Bond
97%
27Forrest GumpForrest Gump
89%
50Luke SkywalkerStar Wars
89%
14Captain Jack SparrowPirates of the Caribbean
88%
9Darth VaderStar Wars
88%
13Iron ManIron Man
88%
6The JokerBatman
88%
67Harry PotterHarry Potter
84%
36Rocky BalboaRocky
83%
3Han SoloStar Wars
81%
12Marty McFlyBack to the Future
79%
46Captain AmericaCaptain America: The First Avenger
78%
82WoodyToy Story
77%
21Hannibal LecterHannibal
76%
62E.T.E.T. the Extra-Terrestrial
74%
40Ferris BuellerFerris Bueller's Big Day Off
74%
59Ace VenturaAce Ventura: Pet Detective
73%
80VV For Vendetta
73%
28T-800The Terminator
70%
30GandalfThe Lord of the Rings
69%
57Katniss EverdeenThe Hunger Games
67%
19LokiThor
66%
63WolverineX-Men
66%
61Bilbo BagginsThe Hobbit
65%
73Donnie DarkoDonnie Darko
60%
11Michael CorleoneThe Godfather
60%
38YodaStar Wars
59%
54Amélie PoulainAmélie
58%
5Ellen RipleyAlien
58%
68NeoThe Matrix
58%
53Vito CorleoneThe Godfather
57%
88GromitWallace & Gromit: The Curse of the Were-Rabbit
56%
16Ron BurgundyAnchorman
54%
72Captain KirkStar Trek
53%
97Norman BatesPsycho
53%
10The DudeThe Big Lebowski
53%
66GollumThe Lord of the Rings
52%
71Star-LordGuardians of the Galaxy
51%
89GrootGuardians of the Galaxy
50%
7John McClaneDie Hard
50%
35Atticus FinchTo Kill a Mockingbird
48%
96The MinionsDespicable Me
48%
20Doc BrownBack to the Future
47%
8Tyler DurdenFight Club
47%
51Obi-Wan KenobiStar Wars
46%
83BaneThe Dark Knight Rises
45%
98Optimus PrimeTransformers
45%
93Wednesday AddamsThe Addams Family
45%
94LegolasThe Lord of the Rings
43%
95MaximusGladiator
43%
23The BrideKill Bill
42%
15AragornThe Lord of the Rings
41%
31Peter VenkmanGhostbusters
40%
58Sarah ConnorThe Terminator
39%
26Patrick BatemanAmerican Psycho
37%
22Travis BickleTaxi Driver
37%
70Tony MontanaScarface
36%
86RedThe Shawshank Redemption
32%
55Axel FoleyThe Beverly Hills Cop
31%
90Hal2001: A Space Odyssey
31%
77Samwise GamgeeThe Lord of the Rings
30%
49Harry CallahanDirty Harry
29%
25AshEvil Dead
26%
87Ethan HuntMission: Impossible
26%
92Inspector ClouseauThe Pink Panther
26%
91Inigo MontoyaThe Princess Bride
25%
41Keyser SözeThe Usual Suspects
25%
18Rick BlaineCasablanca
25%
81WithnailWithnail & I
22%
24Daniel PlainviewThere Will Be Blood
21%
64George BaileyIt's a Wonderful Life
21%
75Lisbeth SalanderThe Girl with the Dragon Tattoo
21%
32Jules WinnfieldPulp Fiction
20%
44Anton ChigurhNo Country for Old Men
19%
65Hans LandaInglourious Basterds
19%
33The Man With No NameA Fistful of Dollars
19%
47Rick DeckardBlade Runner
18%
74Frank DrebinThe Naked Gun
17%
99Randle McMurphyOne Flew Over the Cuckoo's Nest
17%
60Dr. King SchultzDjango Unchained
16%
100Edna ModeThe Incredibles
16%
69Marge GundersonFargo
15%
29Snake PlisskenEscape From New York
15%
45Tommy DeVitoGoodfellas
13%
39DriverDrive
12%
37Walter SobchakThe Big Lebowski
12%
48Lester BurnhamAmerican Beauty
11%
78Martin BlankGrosse Pointe Blank
11%
56Jack BurtonBig Trouble in Little China
8%
17M. GustaveThe Grand Budapest Hotel
8%
79Roy BattyBlade Runner
8%
43Amy DunneGone Girl
7%
84Corporal HicksAliens
7%
76Private William HudsonAliens
7%
42Lou BloomNightcrawler
6%
34Captain Mal ReynoldsSerenity
4%
52Shaun RileyShaun of the Dead
2%
85WalkerPoint Blank
2%

Score Distribution

Percentile by Number Answered

Percent of People with Each Score

Your Score History

You have not taken this quiz